Bands by Lead Singer #6 - Statistics

General Stats
  • This quiz has been taken 16 times
  • The average score is 3 of 10
Answer Stats
Hint Answer % Correct
David Coverdale Whitesnake
79%
Chris Daughtry Daughtry
57%
Rob Zombie White Zombie
57%
Scott Stapp Creed
43%
Tyler Joseph Twenty One Pilots
29%
Max Cavalera/Derrick Green Sepultura
21%
Isaac Slade The Fray
14%
Laura Les 100 gecs
7%
Tom Keifer Cinderella
7%
D’Wayne Wiggins/Raphael Saadiq Tony! Toni! Toné!
7%
No matching quizzes found
Score Distribution
Percent of People with Each Score
Percentile by Number Answered
Your Score History
You have not taken this quiz